000 00632cam7a220022900 4500
005 20190819100230.0
008 010116
010 _a9315665
020 _a0201519828
035 _a(Sirsi) a143573
040 _aCIP
050 0 _aTA174
_bEar 1994
100 1 _aEarle, James H.
_6A17531.1
245 1 0 _aEngineering design graphics :
_bautocad release 12 /
_cJames H. Earle
250 _a8th ed.
260 _aReading,
350 _a25
504 _aIncludes index
650 0 _aEngineering design
_6S4609.1
650 0 _aEngineering graphics
_6S12682.1
700 0 0 _aPayne, Michael
_6A113827.1
999 _c100608
_d100608